Thomas Tuchel's Dortmund - Statistics

General Stats
  • This quiz has been taken 17 times
  • The average score is 25 of 38
Answer Stats
Rank Player Position Nationality Matches Goals Assists % Correct
8 Lukasz Piszczek Right-Back 77 7 11
100%
13 Mats Hummels Centre-Back 50 3 4
100%
23 Nuri Şahin Defensive Midfield 21 1 3
100%
1 Pierre-Emerick Aubameyang Centre-Forward 95 79 16
100%
19 Raphaël Guerreiro Left-Back 35 7 9
100%
11 Christian Pulisic Right Winger 55 7 13
93%
12 Henrikh Mkhitaryan Central Midfield 52 23 32
93%
20 Marc Bartra Centre-Back 31 1 4
93%
9 Shinji Kagawa Attacking Midfield 76 19 21
93%
10 Marco Reus Attacking Midfield 67 36 17
86%
21 Roman Weidenfeller Goalkeeper 25 0 0
86%
38 Alexander Isak Centre-Forward 1 0 0
79%
3 Marcel Schmelzer Left-Back 86 1 12
79%
27 Mario Götze Attacking Midfield 16 2 2
79%
15 Ousmane Dembélé Right Winger 49 10 20
79%
5 Roman Bürki Goalkeeper 82 0 0
79%
16 Sven Bender Defensive Midfield 43 0 3
79%
22 André Schürrle Left Winger 25 5 5
71%
25 Emre Mor Right Winger 19 1 2
71%
4 Gonzalo Castro Central Midfield 83 11 19
71%
2 Julian Weigl Defensive Midfield 94 1 1
71%
34 Kevin Kampl Central Midfield 3 0 0
71%
7 Sokratis Papastathopoulos Centre-Back 81 4 0
71%
30 Adnan Januzaj Right Winger 12 0 2
50%
14 Adrián Ramos Centre-Forward 50 13 7
50%
6 Matthias Ginter Centre-Back 82 4 11
50%
17 İlkay Gündoğan Central Midfield 40 3 7
43%
37 Jacob Bruun Larsen Left Winger 1 0 1
43%
32 Neven Subotic Centre-Back 11 0 1
43%
24 Sebastian Rode Central Midfield 21 1 0
43%
18 Erik Durm Right-Back 40 1 4
36%
31 Ju-ho Park Left-Back 11 1 1
36%
33 Mikel Merino Central Midfield 9 0 0
36%
26 Felix Passlack Right-Back 18 1 1
29%
28 Jonas Hofmann Attacking Midfield 14 2 4
29%
29 Moritz Leitner Central Midfield 13 0 2
29%
35 Dzenis Burnic Right Midfield 2 0 0
0%
36 Pascal Stenzel Right-Back 1 0 0
0%
No matching quizzes found
Score Distribution
Percent of People with Each Score
Percentile by Number Answered
Your Score History
You have not taken this quiz